| 000 | 00415pam a2200145 a 4500 | ||
|---|---|---|---|
| 020 |
_a0312018193 : _c$18.95 |
||
| 050 | 0 | 0 |
_aPR6054.O52 _bS5 1988 |
| 100 | 1 | _aDonnelly, Frances. | |
| 245 | 1 | 0 |
_aShake down the stars / _cFrances Donnelly. |
| 250 | _a1st U.S. ed. | ||
| 260 |
_aNew York : _bSt. Martin's Press, _cc1988. |
||
| 300 | _a505 p. ; | ||
| 650 |
_xWorld War--(1939-1945) ; _xEnglish fiction. |
||
| 942 |
_2lcc _cGEN |
||
| 999 |
_c10644 _d10644 |
||